01070 am a2200289 a 450000500170000000800410001702000150005804100080007310000280008124501350010925000110024426000460025530000120030150002080031365300180052165300290053965300280056865300160059665300160061265300200062865300140064865300140066265300150067665300380069170000190072970000320074820231212093345.0100315s1996||||ag a f |||| 001 0 spa d a9509539309 aspa1 aBasualdo, Juan Ángel. aMicrobiología Biomédica.bBacteriología. Micología. Virología. Parasitología. Inmunología / cJuan Ángel Basualdo. a1a ed. aBuenos Aires: bEditorial Atlante;c1996. a1188 p. aBasualdo, J. A., Coto, C. E. y De Torres, R. A. (1996). Microbiología Biomédica. Bacteriología. Micología. Virología. Parasitología. Inmunología. (1a ed.). Buenos Aires : Editorial Atlante. aGeneralidades aInmunidad. generalidades aBateriología especial aMicología aVirología aParasitología aProtozoos aHelmindos aArtropodos aDiagnóstico coproparasitologico1 aCoto, Celia E.1 aDe Torres, Ramón Alberto.